000 00576nam a22001937a 4500
005 20260422105201.0
008 260422b |||||||| |||| 00| 0 eng d
020 _a9788199452534
_c440
040 _aMAIN
041 _aeng
082 _a338.5
_bAHM
100 _aAhmed, R.
_qDr. Rofique
245 _aIntermediate Microeconomics
260 _aJorhat
_bDr. Rofique Ahmed on behalf of "North East Institute of Research Consultancy and Publications"
_c2025
300 _a304 p. ;
_c14 x 22 cm
505 _aNEP 4th Semester Major
650 _aEconomics
942 _2ddc
_cBK
999 _c16413
_d16413